<?xml version="1.0" encoding="UTF-8"?>
<record
    xmlns:xsi="http://www.w3.org/2001/XMLSchema-instance"
    xsi:schemaLocation="http://www.loc.gov/MARC21/slim http://www.loc.gov/standards/marcxml/schema/MARC21slim.xsd"
    xmlns="http://www.loc.gov/MARC21/slim">

  <leader>01124    a2200121   4500</leader>
  <controlfield tag="001">127854</controlfield>
  <datafield tag="040" ind1=" " ind2=" ">
    <subfield code="c">Escola Canadense de Niteroi</subfield>
  </datafield>
  <datafield tag="090" ind1=" " ind2=" ">
    <subfield code="a">S2</subfield>
  </datafield>
  <datafield tag="100" ind1=" " ind2=" ">
    <subfield code="a">Hermann</subfield>
  </datafield>
  <datafield tag="245" ind1="1" ind2="0">
    <subfield code="a">Sidarta</subfield>
  </datafield>
  <datafield tag="520" ind1=" " ind2=" ">
    <subfield code="a">Uma das maiores obras de Hermann Hesse em edi&#xE7;&#xE3;o especial de capa dura. Sidarta &#xE9; um esp&#xED;rito rebelde, seguidor dos ensinamentos de Buda, fiel &#xE0; sua pr&#xF3;pria alma. Em sua busca pela verdadeira felicidade, o filho de br&#xE2;manes, favorecido na apar&#xEA;ncia, na intelig&#xEA;ncia e no carisma, torna-se um asceta. Para isso, segue um caminho tortuoso que o leva, atrav&#xE9;s de um sensual caso amoroso com uma cortes&#xE3;, das tenta&#xE7;&#xF5;es &#xE0; autocompreens&#xE3;o.Um romance l&#xED;rico, baseado na juventude de Buda, que ret&#xE9;m a magia de Hermann Hesse, vencedor do Pr&#xEA;mio Nobel de Literatura &#x2013; consagrado e cultuado n&#xE3;o por oferecer respostas para dilemas ou formula&#xE7;&#xF5;es f&#xE1;ceis para afli&#xE7;&#xF5;es, mas por tecer envolventes universos e tramas repletas de empatia, sempre apontando a capacidade de sublima&#xE7;&#xE3;o do ser humano na busca de sua ess&#xEA;ncia. Uma reflex&#xE3;o sobre a busca da sabedoria que encanta gera&#xE7;&#xF5;es.</subfield>
  </datafield>
  <datafield tag="942" ind1=" " ind2=" ">
    <subfield code="c">BK</subfield>
  </datafield>
  <datafield tag="952" ind1=" " ind2=" ">
    <subfield code="0">0</subfield>
    <subfield code="1">0</subfield>
    <subfield code="4">0</subfield>
    <subfield code="7">0</subfield>
    <subfield code="a">80.1</subfield>
    <subfield code="b">80.1</subfield>
    <subfield code="d">2024-02-09</subfield>
    <subfield code="l">0</subfield>
    <subfield code="o">S2</subfield>
    <subfield code="p">A26030</subfield>
    <subfield code="r">2024-02-09 21:24:57</subfield>
    <subfield code="w">2024-02-09</subfield>
    <subfield code="y">BK</subfield>
  </datafield>
  <datafield tag="952" ind1=" " ind2=" ">
    <subfield code="0">0</subfield>
    <subfield code="1">0</subfield>
    <subfield code="4">0</subfield>
    <subfield code="7">0</subfield>
    <subfield code="a">80.1</subfield>
    <subfield code="b">80.1</subfield>
    <subfield code="d">2024-02-09</subfield>
    <subfield code="l">0</subfield>
    <subfield code="o">S2</subfield>
    <subfield code="p">A26047</subfield>
    <subfield code="r">2024-02-09 21:24:57</subfield>
    <subfield code="w">2024-02-09</subfield>
    <subfield code="y">BK</subfield>
  </datafield>
  <datafield tag="999" ind1=" " ind2=" ">
    <subfield code="c">127854</subfield>
    <subfield code="d">127854</subfield>
  </datafield>
</record>
